| 000 | 00416nam a22001577a 4500 | ||
|---|---|---|---|
| 003 | macl | ||
| 005 | 20230226163800.0 | ||
| 008 | 230226b |||||||| |||| 00| 0 eng d | ||
| 040 | _cmacl | ||
| 082 | _a150/STE | ||
| 100 |
_aAlain Stephen _981776 |
||
| 245 | _aPsychology for busy People everything You really should know | ||
| 260 |
_aLondon _bmichael O'Mara Books _c2019 |
||
| 650 | _aPsychology | ||
| 942 |
_2ddc _cBK |
||
| 999 |
_c65940 _d65940 |
||